000 01081cam a2200313 i 4500
001 17899930
003 USPCAS-E
005 20180118181413.0
008 130926s2015 ne a b 001 0 eng
010 _a 2013039295
020 _a9780124166547 (alk. paper)
040 _aDLC
_beng
_cDLC
_erda
_dDLC
042 _apcc
050 0 0 _aTK9145
_b.M87 2015
082 0 0 _a621.48
_223
_bMUR-N 2015
100 1 _aMurray, Raymond L.,
_d1920-2011.
245 1 0 _aNuclear energy :
_ban introduction to the concepts, systems, and applications of nuclear processes /
_cRaymond L. Murray, Keith E. Holbert.
250 _aSeventh edition.
260 _aBoston:
_bElsevier,
_cc2015.
300 _axvii, 550 pages :
_billustrations ;
_c25 cm
502 _a0
504 _aIncludes bibliographical references and index.
650 0 _aNuclear engineering.
650 0 _aNuclear energy.
700 1 _aHolbert, Keith E.
906 _a7
_bcbc
_corignew
_d1
_eecip
_f20
_gy-gencatlg
942 _2ddc
_cBK
999 _c355784
_d355784